|
|
|
|
| LEADER |
00000nam a2200000 a 4500 |
| 001 |
vtls010576692 |
| 003 |
SK-MaSNL |
| 005 |
20260425233640.0 |
| 008 |
240318s2013 xo o g 000 0 slo |
| 015 |
|
|
|a SNBA2014/03
|
| 020 |
|
|
|a 9788085156027
|q (brož.)
|
| 035 |
|
|
|a 43A3F7F6-2270-44B8-A9C8-B692AA05695E
|
| 035 |
|
|
|a urn:nbn:sk:snk-aml09f
|
| 035 |
|
|
|a urn:nbn:sk:snk-am008ohx
|
| 040 |
|
|
|a SNK
|b slo
|c SNK
|e AACR2
|
| 041 |
0 |
|
|a slo
|a cze
|
| 043 |
|
|
|a e-xo---
|
| 044 |
|
|
|a xo
|c SK
|
| 072 |
|
7 |
|a 316.7
|x Sociológia kultúry. Kultúrny život
|2 konspekt
|
| 080 |
|
|
|a 37.011
|2 2001
|
| 080 |
|
|
|a (437.6)
|2 2001
|
| 080 |
|
|
|a (082.2)
|2 2001
|
| 080 |
|
|
|a 316.7
|2 2001
|
| 080 |
|
|
|a 37.011-051
|2 2001
|
| 080 |
|
|
|a 316.72/.75-027.22
|2 2001
|
| 100 |
1 |
|
|a Kmeťová, Zuzana
|4 aut
|9 267557
|
| 245 |
1 |
0 |
|a Reflexie
|b bulletin vydaný pri príležitosti 60. výročia založenia osvety v Turci : štúdio SKD Martin, 24. október 2013
|c [ Zuzana Kmeťová a kol.]
|
| 250 |
|
|
|a [1. vyd.]
|
| 260 |
|
|
|a Martin
|b Turčianske osvetové stredisko
|c 2013
|
| 300 |
|
|
|a 40 s.
|b fotogr.
|c 21 cm
|
| 366 |
|
|
|e Nepredajné
|
| 500 |
|
|
|a Názov z obalu
|
| 546 |
|
|
|a Čiast. text v čes.
|
| 650 |
0 |
7 |
|a kultúra
|2 SNKPH
|9 886
|
| 650 |
0 |
7 |
|a Adult education
|2 SNKPHeng
|9 265676
|
| 650 |
0 |
7 |
|a osveta
|2 SNKPH
|9 16992
|
| 650 |
0 |
7 |
|a Adult educators
|2 SNKPHeng
|9 332413
|
| 650 |
0 |
7 |
|a osvetoví pracovníci
|2 SNKPH
|9 79906
|
| 650 |
0 |
7 |
|a Culture
|2 SNKPHeng
|9 265082
|
| 650 |
0 |
7 |
|a kultúrny život
|2 SNKPH
|9 3182
|
| 650 |
0 |
7 |
|a Culturall life
|2 SNKPHeng
|9 327409
|
| 651 |
|
7 |
|a Martin (Slovensko)
|2 SNKPH
|9 16875
|
| 651 |
|
7 |
|a Martin (Slovakia)
|2 SNKPHeng
|9 266720
|
| 655 |
|
7 |
|a jubilejné publikácie
|2 SNKPH
|9 70339
|
| 655 |
|
7 |
|a Jubilee books
|2 SNKPHeng
|9 281827
|
| 919 |
|
|
|a 978-80-85156-02-7
|
| 999 |
|
|
|c 771925
|d 773855
|
| 952 |
|
|
|a SNK
|b SNK
|y VYP
|7 0
|p 17A1104559
|o snkSC 158214 D1
|i snk2014/4574
|8 0
|0 0
|1 0
|4 0
|d 2014-02-17
|l 0
|r 2026-02-24 00:38:04
|w 2026-02-24
|
| 952 |
|
|
|a SNK
|b SNK
|y PREZ
|7 0
|p 17A1104558
|o snkSC 158214
|i snk2014/4573
|8 0
|0 0
|1 0
|4 0
|d 2014-02-17
|f 1
|l 0
|r 2025-08-20 00:00:00
|w 2026-02-24
|